00566nam a2200193 4500003001100000005001700011008004100028020001800069040003900087041000800126082001300134100002400147245002800171260004400199650002000243942000700263952008700270999001500357LK-CoMWRAF20240103121219.0230904b2009 |||||||| |||| 00| 0 eng d a9780195690022 aLK-CoMWRAFdLK-CoMWRAFeLK-CoMWRAF aeng a428bHOR aHorsburgh, Nicholas aOxford reading circle 4 aIndia :bOxford University press,c2009 aEnglish reading cBK 00104070aMAINbMAINd2023-09-04l0o428 HORpRAF820r2023-09-04w2023-09-04yBK c3395d3395